AH International Schools' Libraries

Amazing Facts: (Record no. 50219)

MARC details
000 -LEADER
fixed length control field 00433nam a2200133 4500
020 ## - INTERNATIONAL STANDARD BOOK NUMBER
International Standard Book Number 9780008660666
100 ## - MAIN ENTRY--PERSONAL NAME
Personal name Rowlands, Caroline.
9 (RLIN) 87264
245 ## - TITLE STATEMENT
Title Amazing Facts:
Remainder of title Olympics and Paralympics /
Statement of responsibility, etc Caroline Rowlands.
260 ## - PUBLICATION, DISTRIBUTION, ETC. (IMPRINT)
Place of publication, distribution, etc Great Britain:
Name of publisher, distributor, etc RedShed;
Date of publication, distribution, etc 2024.
300 ## - PHYSICAL DESCRIPTION
Extent 96 p.
Other physical details illustrations.
Dimensions 20 cm.
650 ## - SUBJECT ADDED ENTRY--TOPICAL TERM
Topical term or geographic name as entry element Olympics. Paralympics.
9 (RLIN) 87265
700 ## - ADDED ENTRY--PERSONAL NAME
Relator code Illustrator.
Personal name Chris Dickason.
9 (RLIN) 87266
942 ## - ADDED ENTRY ELEMENTS (KOHA)
Source of classification or shelving scheme
Koha item type NON FIC SECTION
Holdings
Withdrawn status Lost status Source of classification or shelving scheme Damaged status Not for loan Collection code Home library Current library Date acquired Total Checkouts Full call number Barcode Date last seen Date checked out Price effective from Koha item type
          Non-Fiction Asian Hope Secondary Library Asian Hope Secondary Library 02/27/2026 1 796.48 ROW 210810 04/28/2026 04/21/2026 02/27/2026 NON FIC SECTION

For any Logos Library related questions please contact Miss Art at swongnarasuk@asianhope.org.

For any Asian Hope Library related questions please contact Miss Raza at graza@asianhope.org.

Powered by Koha